载入...

A Textbook For Family Planning Field Workers

书目详细资料
主要作者: Zawacki, April Allison
格式: Printed Book
语言:Undetermined
出版: Chicago: The Community And Family Study Center, 1971
主题:
LEADER 00567nam a2200157Ia 4500
008 200110s9999||||xx |||||||||||||| ||und||
080 |a 304.6  |b ZAW-T 
100 |a Zawacki, April Allison  
245 2 |a A Textbook For Family Planning Field Workers 
260 |a Chicago:  |b The Community And Family Study Center,   |c 1971 
300 |a 182 p.  |f HB 
500 |a General 
650 |a Textbook For Family Planning Field Workers  
942 |c BK 
999 |c 252260  |d 252260 
952 |0 0  |1 0  |4 0  |6 304_600000000000000_ZAWT  |7 0  |9 268184  |a SOC  |b SOC  |l 0  |o 304.6 ZAW-T  |p SOC2083  |r 2020-01-14  |w 2020-01-14  |y BK